000
00331nam a2200133Ia 4500
005
20251222142029.0
008
251222s9999||||xx |||||||||||||| ||spa||
020
_a
978-9972-664-40-3
082
_a
346.048/R24
100
_a
Ramos Núñez, Carlos
245
0
_a
El Indecopi a sus Veinte Años:
264
_b
Indecopi
942
_c
LIB
999
_c
10918
_d
10918